El tráfico atlántico de esclavos

Đã lưu trong:
Chi tiết về thư mục
Tác giả chính: Klein, Herbert S (Tác giả)
Định dạng: Sách
Ngôn ngữ:Tiếng Tây Ban Nha
Được phát hành: Lima Instituto de Estudios Peruanos 2011
Phiên bản:1a. ed
Loạt:Estudios Históricos, 56
Những chủ đề:
Các nhãn: Thêm thẻ
Không có thẻ, Là người đầu tiên thẻ bản ghi này!

MARC

LEADER 00000cam a2200000 a 4500
001 UCF0034
003 CL-VaPUC
008 120423e20110400PE |||||||||||||||||spa|d
020 |a 9789972512933 
082 0 4 |a 306.098  |b KLE  |2 21 
100 |a Klein, Herbert S  |e author  |9 561835 
245 1 3 |a El tráfico atlántico de esclavos 
250 |a 1a. ed 
300 |a 314 p 
942 |c BK 
945 |d 20120423 00:00:00  |a dcastane 
260 |a Lima  |b Instituto de Estudios Peruanos  |c 2011 
650 7 |a CULTURA AFRICANA  |2 CL-VaPUC  |9 445337 
650 0 |a Esclavos  |9 258558 
650 0 |a Esclavitud  |9 323605 
650 0 |a Historia social  |9 313638 
651 0 |a América Latina   |9 255027 
651 7 |a CARIBE  |2 CL-VaPUC  |9 308659 
583 |a last modification  |c 20121128 04:05:54  |k Rodrigo Vera 
490 0 |a Estudios Históricos, 56 
999 |c 347540  |d 347538 
952 |0 0  |1 0  |4 0  |6 306_098000000000000_KLE_2011  |7 0  |8 A  |9 448960  |a BIBHIS  |b BIBHIS  |d 2019-11-22  |i 4854632  |o 306.098 KLE 2011  |p 4854632  |r 2025-01-20  |w 2019-11-22  |y BK  |k HIS 
952 |0 0  |1 0  |4 0  |6 306_098000000000000_KLE_2011  |7 0  |8 X  |9 448961  |a FDOBUD  |b FDOBUD  |d 2019-11-22  |i 4930142  |o 306.098 KLE 2011  |p 4930142  |r 2019-11-22  |w 2019-11-22  |y BK_X  |k BUD